Architectural material & texture (Record no. 10552)

000 -LEADER
fixed length control field 00378nam a2200145Ia 4500
003 - CONTROL NUMBER IDENTIFIER
control field OSt
005 - DATE AND TIME OF LATEST TRANSACTION
control field 20220404111911.0
008 - FIXED-LENGTH DATA ELEMENTS--GENERAL INFORMATION
fixed length control field 220318s9999 xx 000 0 und d
020 ## - INTERNATIONAL STANDARD BOOK NUMBER
International Standard Book Number 9787214086839
082 ## - DEWEY DECIMAL CLASSIFICATION NUMBER
Classification number 721.044
100 ## - MAIN ENTRY--PERSONAL NAME
Personal name Tianjin feng huang kong jian wen hua chuan mei you xian gong si
245 #0 - TITLE STATEMENT
Title Architectural material & texture
260 ## - PUBLICATION, DISTRIBUTION, ETC. (IMPRINT)
Place of publication, distribution, etc JPPH
942 ## - ADDED ENTRY ELEMENTS (KOHA)
Source of classification or shelving scheme
Holdings
Withdrawn status Lost status Source of classification or shelving scheme Damaged status Koha normalized classification for sorting Not for loan Permanent location Current location Date acquired Source of acquisition Cost, normal purchase price Total Checkouts Full call number Barcode Date last seen Date last borrowed Cost, replacement price Price effective from Koha item type
        721_044000000000000   BMS College of Architecture, Design and Planning BMS College of Architecture, Design and Planning 2022-04-04 6 3195.22 1 721.044 AR-UG2653 2023-12-28 2023-12-28 4564.60 2022-04-04 UG Books
Copyright © 2025, The Librarian, Library and Information Centre, BMSCA D&P, Bengaluru. All Rights Reserved
web counter

Powered by Koha